Southville International School and Colleges
Your cart is empty.
  • Cart
  • Lists
    Public lists Eva Luna New books Lux_list list_1
    Your lists Log in to create your own lists
  • Log in to your account
  • Your cookies
  • Search history
Southville International School and Colleges
  • Advanced search
  • Recent comments
  • Most popular
  • Libraries

Log in to your account

Log in with GOOGLE


If you do not have an external account, but do have a local account, you can still log in:

  1. Home
  2. MARC view: Career Comeback :
Normal view MARC view ISBD view

Career Comeback : (Record no. 305468)

[ view plain ]
MARC details
000 -LEADER
fixed length control field 00547nam a2200205Ia 4500
008 - FIXED-LENGTH DATA ELEMENTS--GENERAL INFORMATION
fixed length control field 170203s9999 xx 000 0 und d
020 ## - INTERNATIONAL STANDARD BOOK NUMBER
International Standard Book Number 749924942
050 ## - LIBRARY OF CONGRESS CALL NUMBER
Classification number 650.14
050 ## - LIBRARY OF CONGRESS CALL NUMBER
Item number .R521c 2004
100 ## - MAIN ENTRY--PERSONAL NAME
Personal name Richardson, Bradley G.
245 ## - TITLE STATEMENT
Title Career Comeback :
245 ## - TITLE STATEMENT
Remainder of title get back on your feet and achieve more job satisfaction! /
245 ## - TITLE STATEMENT
Statement of responsibility, etc Bradley G. Richardson.
260 ## - PUBLICATION, DISTRIBUTION, ETC. (IMPRINT)
Place of publication, distribution, etc United Kingdom :
260 ## - PUBLICATION, DISTRIBUTION, ETC. (IMPRINT)
Name of publisher, distributor, etc Piatkus Books Ltd.
260 ## - PUBLICATION, DISTRIBUTION, ETC. (IMPRINT)
Date of publication, distribution, etc 2004
300 ## - PHYSICAL DESCRIPTION
Extent 287 pages :
300 ## - PHYSICAL DESCRIPTION
Dimensions 20 cm.
500 ## - GENERAL NOTE
General note includes index.
Holdings
Withdrawn status Lost status Damaged status Home library Current library Shelving location Date acquired Total Checkouts Full call number Barcode Date last seen Price effective from Koha item type
      Stonyhurst Southville International School (Batangas) Stonyhurst Southville International School (Batangas)   02/03/2017   650.14 .R521c 2004 US-1445 02/03/2017 02/03/2017 Books

Career Comeback :

APA

Richardson B. G., .Career Comeback. United Kingdom: .

Chicago

Richardson Bradley G, .Career Comeback. United Kingdom: .

Harvard

Richardson B. G., .Career Comeback. United Kingdom: .

MLA

Richardson Bradley G, .United Kingdom: . .

  • Place hold
  • Print
  • Cite
  • Add to your cart (remove)
  • Save record
    BIBTEX Dublin Core MARCXML MARC (non-Unicode/MARC-8) MARC (Unicode/UTF-8) MARC (Unicode/UTF-8, Standard) MODS (XML) RIS
  • More searches
    Search for this title in:
    Other Libraries (WorldCat) Other Databases (Google Scholar) Online Stores (Bookfinder.com) Open Library (openlibrary.org)

Exporting to Dublin Core...

SOUTHVILLE LIBRARY

Southville International School and Colleges Library

1281 Tropical Ave. Cor. Luxembourg St., BF Homes International, Las Pinas City

Tel. No. 8256374 / 252358 Loc. 117/146

Powered by Koha